| 000 -LEADER |
| fixed length control field |
00745nam a22002297a 4500 |
| 005 - DATE AND TIME OF LATEST TRANSACTION |
| control field |
20240205115445.0 |
| 008 - FIXED-LENGTH DATA ELEMENTS--GENERAL INFORMATION |
| fixed length control field |
240205b ||||| |||| 00| 0 eng d |
| 020 ## - INTERNATIONAL STANDARD BOOK NUMBER |
| International Standard Book Number |
9780747587637 |
| 040 ## - CATALOGING SOURCE |
| Transcribing agency |
KH8 |
| 082 ## - DEWEY DECIMAL CLASSIFICATION NUMBER |
| Classification number |
823.92 SAG |
| 100 ## - MAIN ENTRY--PERSONAL NAME |
| Personal name |
Sage, Angie |
| Relator term |
Author |
| 245 ## - TITLE STATEMENT |
| Title |
Physik / |
| Statement of responsibility, etc. |
Angie Sage |
| 260 ## - PUBLICATION, DISTRIBUTION, ETC. |
| Place of publication, distribution, etc. |
London, |
| Name of publisher, distributor, etc. |
Bloomsbury, |
| Date of publication, distribution, etc. |
2008 |
| 300 ## - PHYSICAL DESCRIPTION |
| Extent |
560 pages ; |
| Dimensions |
18 cm. |
| 440 ## - SERIES STATEMENT/ADDED ENTRY--TITLE |
| Title |
Septimus Heap, |
| Volume/sequential designation |
3 |
| 520 ## - SUMMARY, ETC. |
| Summary, etc. |
Pulled through a glass that brings him back in time, Septimus Heap becomes the apprentice of an alchemist. Suggested level: primary, intermediate, junior secondary |
| 650 ## - SUBJECT ADDED ENTRY--TOPICAL TERM |
| Topical term or geographic name entry element |
Children's fiction |
| 650 ## - SUBJECT ADDED ENTRY--TOPICAL TERM |
| Topical term or geographic name entry element |
Children's stories |
| 650 ## - SUBJECT ADDED ENTRY--TOPICAL TERM |
| Topical term or geographic name entry element |
Fantasy fiction |
| 700 ## - ADDED ENTRY--PERSONAL NAME |
| Personal name |
Mark Zug |
| Relator term |
Author |
| 942 ## - ADDED ENTRY ELEMENTS (KOHA) |
| Source of classification or shelving scheme |
|
| Koha item type |
Books - Fiction |